| 000 | 00606nam a22001817a 4500 | ||
|---|---|---|---|
| 999 |
_c16297 _d16297 |
||
| 008 | 211112b ||||| |||| 00| 0 eng d | ||
| 020 | _a9786219524292 | ||
| 082 |
_22020 _aDFil 346.07 _bD713 |
||
| 100 |
_aDomingo, Andrix D., author _943378 |
||
| 245 |
_aObligations and contracts: _blaws, principles and jurisprudence/ _cAndrix D. Domingo |
||
| 250 | _aFourth edition | ||
| 260 |
_aBenguet, Baguio City: _bCoaching for Results Publishing, _c©2020. |
||
| 300 |
_a677 pages; _c23 cm. |
||
| 650 |
_aContracts _943658 |
||
| 650 |
_a Negotiable instruments _943659 |
||
| 365 |
_b695 _cPhp |
||
| 942 |
_2ddc _cDFIL |
||